000 00398nam a2200145Ia 4500
008 100122s9999 xx 000 0 und d
082 _b28358
_a823
100 _aवर्टी अ वा
245 _aपतिव्रता
260 _bसरस साहित्य
_c1979
300 _a148
630 _aपतिव्रता
730 _aपतिव्रता
942 _cBOOK
999 _c414035
_d414032